[Event "COL-chT Blitz"]
[Site "Santa Marta"]
[Date "2022.11.07"]
[Round "4.2"]
[White "Gonzalez Parejo, Ramon Junior"]
[Black "Vargas Arteaga, Alexis"]
[Result "1-0"]
[WhiteElo "2284"]
[BlackElo "2257"]
[PlyCount "137"]
[EventDate "2022.11.07"]
[EventType "team-swiss"]
[EventRounds "9"]
[EventCountry "COL"]
[SourceTitle "CBM 211 Extra"]
[Source "ChessBase"]
[SourceDate "2023.01.31"]
[SourceVersion "1"]
[SourceVersionDate "2023.01.31"]
[SourceQuality "1"]
[WhiteTeam "Magdalena"]
[BlackTeam "Caldas"]
[WhiteTeamCountry "COL"]
[BlackTeamCountry "COL"]

1. d4 d6 2. Nc3 Nf6 3. e4 e5 4. dxe5 dxe5 5. Qxd8+ Kxd8 6. Bg5 Be7 7. f3 c6 8. Bc4 Rf8 9. Nd1 Ne8 10. Be3 Be6 11. Bxe6 fxe6 12. Nf2 Bd6 13. 0-0-0 Kc7 14. Nd3 Nd7 15. Ne2 Rd8 16. c3 b6 17. Bf2 Nef6 18. Bh4 h6 19. g4 Nc5 20. Bg3 Nxd3+ 21. Rxd3 Nd7 22. Rhd1 Be7 23. Kc2 Bf6 24. b4 Nb8 25. Nd4 Rde8 26. h4 Nd7 27. Nxe6+ Rxe6 28. Rxd7+ Kb8 29. Kb3 Rc8 30. a4 Rc7 31. b5 Kc8 32. R7d6 Rxd6 33. Rxd6 cxb5 34. axb5 Re7 35. c4 Rf7 36. Rd3 Re7 37. Kb4 Rc7 38. Rd5 Rf7 39. Bxe5 Be7+ 40. Bd6 Bxh4 41. f4 Bg3 42. Rf5 Rd7 43. e5 Kb7 44. Rf8 a5+ 45. bxa6+ Kxa6 46. Ra8+ Kb7 47. Rf8 Kc6 48. Rc8+ Kb7 49. Rb8+ Kc6 50. Rf8 Kb7 51. Kb5 g5 52. f5 Rh7 53. Rb8+ Ka7 54. Rxb6 h5 55. gxh5 Rxh5 56. f6 g4 57. Ra6+ Kb7 58. Rb6+ Ka7 59. Kc6 Bf4 60. f7 Rf5 61. Rb7+ Ka8 62. Kb6 Be3+ 63. c5 Bxc5+ 64. Bxc5 Rf1 65. Kc6 g3 66. Ra7+ Kb8 67. f8Q+ Rxf8 68. Bxf8 Kxa7 69. e6 1-0

[Event "COL-chT Rapid"]
[Site "Santa Marta"]
[Date "2022.11.04"]
[Round "4.3"]
[White "Gallego, Julian Andres"]
[Black "Gonzalez Parejo, Ramon Junior"]
[Result "1-0"]
[WhiteElo "2118"]
[BlackElo "2271"]
[PlyCount "140"]
[EventDate "2022.11.02"]
[EventType "team-swiss"]
[EventRounds "7"]
[EventCountry "COL"]
[SourceTitle "CBM 211 Extra"]
[Source "ChessBase"]
[SourceDate "2023.01.31"]
[SourceVersion "1"]
[SourceVersionDate "2023.01.31"]
[SourceQuality "1"]
[WhiteTeam "Risaralda"]
[BlackTeam "Magdalena"]
[WhiteTeamCountry "COL"]
[BlackTeamCountry "COL"]

1. d4 f5 2. Nf3 Nf6 3. g3 e6 4. Bg2 d5 5. 0-0 Bd6 6. b3 0-0 7. Ba3 Bxa3 8. Nxa3 Qd6 9. Qc1 Nbd7 10. Qb2 c6 11. c4 a5 12. Nc2 b6 13. Nce1 Ba6 14. Rc1 a4 15. Nd3 axb3 16. axb3 Ne4 17. Nfe5 Nxe5 18. Nxe5 Rfc8 19. Rfd1 Nf6 20. Qd2 Bb7 21. c5 bxc5 22. Rxc5 Ba6 23. Rdc1 Bb5 24. e3 Rab8 25. h3 g6 26. Ra1 Ra8 27. Rac1 Rab8 28. Qa5 Nd7 29. Nxd7 Qxd7 30. Qc3 Kf7 31. Kh2 g5 32. f3 h5 33. e4 h4 34. gxh4 gxh4 35. Qe1 Qd6+ 36. Kh1 Qf4 37. Ra1 Ra8 38. Rc2 Rxa1 39. Qxa1 Bd3 40. Qa7+ Rc7 41. Qc5 Bxc2 42. Qxc2 Ra7 43. Qb2 Kf6 44. b4 Kg5 45. Kg1 dxe4 46. fxe4 fxe4 47. b5 cxb5 48. Qxb5+ Kh6 49. Qb2 Rc7 50. Bf1 e3 51. Qa2 Rg7+ 52. Bg2 Rg6 53. Qa8 e2 54. Qh8+ Kg5 55. Qd8+ Qf6 56. Qa5+ Kh6 57. Qd2+ Kg7 58. Qxe2 Qxd4+ 59. Kh1 Qf4 60. Qb2+ e5 61. Qb7+ Kh6 62. Qa8 Qc1+ 63. Kh2 Qf4+ 64. Kh1 Qf6 65. Kh2 Qg7 66. Bf3 Rd6 67. Bg4 Qf6 68. Kg1 Ra6 69. Qd5 Ra1+ 70. Bd1 Ra3 1-0

[Event "COL-chT"]
[Site "Santa Marta"]
[Date "2022.11.04"]
[Round "5.3"]
[White "Gonzalez Parejo, Ramon Junior"]
[Black "Villa, Huber"]
[Result "1-0"]
[WhiteElo "2179"]
[BlackElo "2115"]
[PlyCount "109"]
[EventDate "2022.11.02"]
[EventType "team-swiss"]
[EventRounds "7"]
[EventCountry "COL"]
[SourceTitle "CBM 211 Extra"]
[Source "ChessBase"]
[SourceDate "2023.01.31"]
[SourceVersion "1"]
[SourceVersionDate "2023.01.31"]
[SourceQuality "1"]
[WhiteTeam "Magdalena"]
[BlackTeam "Cordoba"]
[WhiteTeamCountry "COL"]
[BlackTeamCountry "COL"]

1. d4 e6 2. Bf4 Nf6 3. e3 c5 4. Nd2 Nc6 5. c3 Be7 6. h3 0-0 7. Ngf3 Nd5 8. Bh2 f5 9. Bc4 Nb6 10. Be2 d5 11. 0-0 Bd6 12. dxc5 Bxc5 13. c4 Bd6 14. Bxd6 Qxd6 15. Rc1 Qe7 16. cxd5 exd5 17. Bb5 Bd7 18. Nb3 a6 19. Bxc6 bxc6 20. Nc5 Be8 21. Qd4 Nc4 22. b3 Nd6 23. Qe5 Rf7 24. Qxe7 Rxe7 25. Nd4 g6 26. Rc2 Nb5 27. Ne2 a5 28. Rfc1 Kg7 29. Kf1 Kf6 30. h4 h6 31. a4 Na7 32. Rc3 g5 33. hxg5+ hxg5 34. f3 Rb8 35. Kf2 Rb4 36. Nd3 Rb6 37. Nd4 Bd7 38. Rc5 Ra6 39. Rh1 Kg6 40. g3 Nc8 41. Rhc1 Na7 42. f4 Kf6 43. Rh1 g4 44. Ne5 Rxe5 45. fxe5+ Kxe5 46. Rh6 Rb6 47. Rxa5 Rb7 48. Rc5 Ke4 49. Ke2 Rb4 50. Kd2 Rb7 51. Rc1 Ke5 52. Rg6 Rc7 53. Rh1 c5 54. Rh7 cxd4 55. Re7+ 1-0

[Event "COL-chT"]
[Site "Santa Marta"]
[Date "2022.11.03"]
[Round "2.2"]
[White "Gonzalez Parejo, Ramon Junior"]
[Black "Avila Pavas, Santiago"]
[Result "1/2-1/2"]
[WhiteElo "2179"]
[BlackElo "2461"]
[PlyCount "140"]
[EventDate "2022.11.02"]
[EventType "team-swiss"]
[EventRounds "7"]
[EventCountry "COL"]
[SourceTitle "CBM 211 Extra"]
[Source "ChessBase"]
[SourceDate "2023.01.31"]
[SourceVersion "1"]
[SourceVersionDate "2023.01.31"]
[SourceQuality "1"]
[WhiteTeam "Magdalena"]
[BlackTeam "Valle"]
[WhiteTeamCountry "COL"]
[BlackTeamCountry "COL"]

1. d4 Nf6 2. Bf4 e6 3. e3 d5 4. Nf3 Bd6 5. Bd3 c5 6. c3 Bxf4 7. exf4 Qb6 8. Qe2 cxd4 9. Nxd4 Nbd7 10. a4 0-0 11. 0-0 Re8 12. Nf3 Nc5 13. a5 Qc7 14. Qe5 Qxe5 15. Nxe5 Nh5 16. Bb5 Re7 17. g3 f6 18. Nd3 a6 19. Nxc5 axb5 20. Na3 e5 21. fxe5 Rxe5 22. Nxb5 Bh3 23. Rfc1 Re7 24. b4 Rd8 25. Nd4 f5 26. f3 Nf6 27. Kf2 Rc8 28. Re1 Rf7 29. Nb5 Rc6 30. Ne6 f4 31. Ng5 fxg3+ 32. hxg3 Ne4+ 33. Rxe4 dxe4 34. Nxf7 Kxf7 35. fxe4 h5 36. c4 Kf6 37. c5 Ke5 38. Ke3 Rg6 39. Rg1 h4 40. Nd4 hxg3 41. Nf3+ Kf6 42. b5 Bc8 43. Rd1 Ke7 44. Ne5 Rg5 45. Kf4 Rh5 46. c6 g2 47. Rg1 bxc6 48. Nxc6+ Kd6 49. Rxg2 Rxb5 50. Rg6+ Kd7 51. Ne5+ Ke8 52. Rxg7 Ba6 53. Rg8+ Ke7 54. Ra8 Bb7 55. Ra7 Kd6 56. a6 Bxe4 57. Nc4+ Kd5 58. Ne3+ Kc6 59. Kxe4 Rb6 60. Nc4 Rb4 61. Kd4 Ra4 62. Ra8 Kb5 63. Rb8+ Kxa6 64. Kc5 Ka7 65. Rb1 Ra2 66. Kc6 Rc2 67. Rb4 Rc1 68. Kd7 Ka6 69. Kd6 Rh1 70. Kc6 Rh6+ 1/2-1/2

[Event "COL-chT"]
[Site "Santa Marta"]
[Date "2022.11.03"]
[Round "3.3"]
[White "Gonzalez Parejo, Ramon Junior"]
[Black "Maya Serrato, Dylan David"]
[Result "1-0"]
[WhiteElo "2179"]
[BlackElo "1874"]
[PlyCount "116"]
[EventDate "2022.11.02"]
[EventType "team-swiss"]
[EventRounds "7"]
[EventCountry "COL"]
[SourceTitle "CBM 211 Extra"]
[Source "ChessBase"]
[SourceDate "2023.01.31"]
[SourceVersion "1"]
[SourceVersionDate "2023.01.31"]
[SourceQuality "1"]
[WhiteTeam "Magdalena"]
[BlackTeam "Narino II"]
[WhiteTeamCountry "COL"]
[BlackTeamCountry "COL"]

1. d4 d5 2. Bf4 Nf6 3. e3 e6 4. Nd2 Bd6 5. Ngf3 c5 6. c3 Bxf4 7. exf4 cxd4 8. Nxd4 0-0 9. Bd3 b6 10. Qe2 a5 11. a4 Ba6 12. Bb5 Bxb5 13. axb5 Qd6 14. g3 Nbd7 15. 0-0 Rfe8 16. N2f3 Nc5 17. Rfd1 a4 18. Ne5 Qc7 19. f3 Nb3 20. Ra3 Qc5 21. Kg2 Nxd4 22. Rxd4 Ra5 23. Rb4 d4 24. Rxd4 Qxb5 25. Qxb5 Rxb5 26. Ra2 Ra8 27. Kf2 Rb3 28. Nd3 a3 29. Rb4 Rxb4 30. Nxb4 Rd8 31. Rxa3 Kf8 32. Ke2 Nd5 33. Nxd5 Rxd5 34. Ra7 g6 35. Rc7 h5 36. b4 b5 37. Ke3 h4 38. Rc8+ Ke7 39. g4 Rd1 40. Rb8 Rh1 41. Rxb5 Rxh2 42. Rb8 Kf6 43. g5+ Kg7 44. Ra8 h3 45. Kd4 Rg2 46. Ra1 h2 47. Rh1 Kf8 48. Kc5 Ke7 49. c4 Kd7 50. Kb6 Kc8 51. c5 Rb2 52. b5 Rc2 53. Ra1 Kb8 54. c6 Rc4 55. Rd1 Kc8 56. Re1 Rc2 57. f5 Re2 58. Ra1 Kb8 1-0

[Event "COL Subzt 2.3.4"]
[Site "Risarald"]
[Date "2021.11.24"]
[Round "3"]
[White "Gonzalez Parejo, Ramon Junior"]
[Black "Buitrago Grajales, Juan Carlos"]
[Result "1-0"]
[WhiteElo "2191"]
[BlackElo "1934"]
[PlyCount "75"]
[EventDate "2021.11.23"]
[EventType "swiss"]
[EventRounds "9"]
[EventCountry "COL"]
[SourceTitle "CBM 205 Extra"]
[Source "ChessBase"]
[SourceDate "2022.01.31"]
[SourceVersion "1"]
[SourceVersionDate "2022.01.31"]
[SourceQuality "1"]

1. e4 e5 2. Nf3 Nc6 3. Bc4 Bc5 4. d3 Nf6 5. 0-0 d6 6. c3 a6 7. h3 Ba7 8. Re1 Na5 9. Bd5 c6 10. Bxf7+ Kxf7 11. b4 h6 12. bxa5 Be6 13. d4 Qxa5 14. Ba3 Rhd8 15. Qc1 Qc7 16. Nbd2 Kg8 17. Nf1 Ne8 18. Ng3 b5 19. Qd2 c5 20. d5 Bc8 21. Qe2 Qf7 22. Bc1 Bd7 23. Nh4 Bb6 24. Nhf5 Kh7 25. Rf1 c4 26. Kh2 Bc5 27. f4 Nf6 28. fxe5 dxe5 29. Be3 Bxe3 30. Qxe3 Qg6 31. Rf3 a5 32. Raf1 b4 33. Nxg7 Qg5 34. Qxg5 hxg5 35. Rxf6 Kxg7 36. Nh5+ Kg8 37. Rg6+ Kh8 38. Rf7 1-0

[Event "Soacha op-A"]
[Site "Soacha"]
[Date "2021.09.11"]
[Round "8"]
[White "Gonzalez Parejo, Ramon Junior"]
[Black "Cabiativa, Juan Esteban"]
[Result "1/2-1/2"]
[WhiteElo "2238"]
[BlackElo "1829"]
[PlyCount "128"]
[EventDate "2021.09.08"]
[EventType "swiss"]
[EventRounds "10"]
[EventCountry "COL"]
[SourceTitle "CBM 204 Extra"]
[Source "ChessBase"]
[SourceDate "2021.11.30"]
[SourceVersion "1"]
[SourceVersionDate "2021.11.30"]
[SourceQuality "1"]

1. Nf3 d5 2. g3 c5 3. Bg2 Nf6 4. 0-0 e6 5. d3 b5 6. e4 Be7 7. exd5 exd5 8. a4 b4 9. Ne5 Bb7 10. d4 0-0 11. c4 Nc6 12. Nxc6 Bxc6 13. dxc5 Rc8 14. cxd5 Bxd5 15. Bh3 Bxc5 16. Bg5 Rc6 17. Nd2 h6 18. Bf4 Bd4 19. Nb3 Bxb2 20. Rb1 Bc3 21. Nd4 Bxd4 22. Qxd4 Bc4 23. Rfd1 Qxd4 24. Rxd4 a5 25. Bg2 Rcc8 26. Bb7 Ba2 27. Rb2 Rc4 28. Rxc4 Bxc4 29. Bc7 Bd5 30. Bxd5 Nxd5 31. Bxa5 Ra8 32. Bxb4 Rxa4 33. Bc5 Rc4 34. Ba7 Rc8 35. Kg2 Ra8 36. Bd4 Nc7 37. f4 Ne6 38. Be3 Nc7 39. Rd2 Ne8 40. g4 Nf6 41. h3 Ne4 42. Rd4 Nf6 43. Rd3 Re8 44. Kf3 Rc8 45. f5 Nh7 46. h4 Nf8 47. Bf4 Re8 48. Rc3 Nd7 49. Rc7 Nf6 50. Rc6 Nd7 51. Rd6 Ne5+ 52. Kg3 Nc4 53. Rd4 Na5 54. g5 hxg5 55. hxg5 Nc6 56. Rc4 Ne7 57. Kg4 Nd5 58. Bd2 Ne3+ 59. Bxe3 Rxe3 60. Rc8+ Kh7 61. Rf8 Re4+ 62. Kf3 Re7 63. Kf4 g6 64. f6 Re4+ 1/2-1/2

[Event "Soacha op-A"]
[Site "Soacha"]
[Date "2021.09.09"]
[Round "3"]
[White "Garcia Alarcon, Alvaro"]
[Black "Gonzalez Parejo, Ramon Junior"]
[Result "1/2-1/2"]
[WhiteElo "2021"]
[BlackElo "2238"]
[PlyCount "161"]
[EventDate "2021.09.08"]
[EventType "swiss"]
[EventRounds "10"]
[EventCountry "COL"]
[SourceTitle "CBM 204 Extra"]
[Source "ChessBase"]
[SourceDate "2021.11.30"]
[SourceVersion "1"]
[SourceVersionDate "2021.11.30"]
[SourceQuality "1"]

1. Nf3 Nf6 2. d4 e6 3. c4 Bb4+ 4. Bd2 Qe7 5. Qc2 0-0 6. g3 b6 7. Bg2 Bb7 8. 0-0 Be4 9. Bxb4 Qxb4 10. Qc3 a5 11. a3 Qe7 12. Nbd2 Bb7 13. Ne5 Bxg2 14. Kxg2 d6 15. Nd3 Nbd7 16. e4 e5 17. Rae1 exd4 18. Qxd4 Nc5 19. Nf4 Rfe8 20. f3 a4 21. Nb1 Qe5 22. Rd1 g5 23. Qxe5 Rxe5 24. Nd5 Nxd5 25. Rxd5 Rxd5 26. cxd5 Nd3 27. Rd1 Nxb2 28. Rc1 Ra7 29. Rc3 b5 30. f4 gxf4 31. gxf4 Nc4 32. Kf2 Ra8 33. Ke2 Re8 34. Rg3+ Kf8 35. Kd3 f5 36. exf5 Re1 37. Nc3 Nxa3 38. f6 Rf1 39. Ke4 b4 40. Nxa4 Nb5 41. Nb2 Nc3+ 42. Kf5 Nxd5 43. Nd3 b3 44. Ke6 Nxf4+ 45. Nxf4 Rxf4 46. Rxb3 Re4+ 47. Kd7 Kf7 48. Kxc7 Kxf6 49. Kxd6 Kg5 50. Kd5 Re2 51. Rg3+ Kh4 52. Rg7 h5 53. Kd4 Kh3 54. Rh7 h4 55. Rh8 Rxh2 56. Ke3 Ra2 57. Kf3 Ra4 58. Rg8 Kh2 59. Rg2+ Kh1 60. Rg4 Ra3+ 61. Kf2 Ra2+ 62. Kf1 h3 63. Rg3 Kh2 64. Rg8 Rg2 65. Rf8 Rg7 66. Rf3 Rg4 67. Kf2 Rb4 68. Kf1 Rb1+ 69. Kf2 Rc1 70. Rf8 Rc3 71. Rg8 Rc6 72. Rf8 Rc4 73. Rf3 Rc5 74. Kf1 Rh5 75. Kf2 Rh6 76. Kf1 Kh1 77. Kf2 h2 78. Rf7 Rb6 79. Kf1 Rb2 80. Rf8 Rc2 81. Rf7 1/2-1/2

[Event "Soacha op-A"]
[Site "Soacha"]
[Date "2021.09.08"]
[Round "2"]
[White "Gonzalez Parejo, Ramon Junior"]
[Black "Dominguez Rincon, Miller Duvan"]
[Result "1-0"]
[WhiteElo "2238"]
[BlackElo "1998"]
[PlyCount "109"]
[EventDate "2021.09.08"]
[EventType "swiss"]
[EventRounds "10"]
[EventCountry "COL"]
[SourceTitle "CBM 204 Extra"]
[Source "ChessBase"]
[SourceDate "2021.11.30"]
[SourceVersion "1"]
[SourceVersionDate "2021.11.30"]
[SourceQuality "1"]

1. e4 e5 2. Nf3 Nc6 3. Bc4 Bc5 4. 0-0 Nf6 5. d3 a6 6. c3 Ba7 7. a4 d6 8. h3 h6 9. Be3 g5 10. Bxa7 Nxa7 11. d4 Qe7 12. Nbd2 g4 13. hxg4 Rg8 14. dxe5 dxe5 15. Qe2 Bxg4 16. Qe3 Nh5 17. g3 Qf6 18. Kg2 Nc6 19. Rh1 Rd8 20. Rh2 Nf4+ 21. Kh1 Nh5 22. Bd5 Ne7 23. Bc4 Qd6 24. Be2 Qe6 25. Nc4 Ng6 26. Qc5 Qe7 27. Qxe7+ Kxe7 28. Ne3 Bxf3+ 29. Bxf3 Nf6 30. Nf5+ Ke6 31. Nxh6 Rh8 32. Kg2 Rd2 33. b4 Rc2 34. b5 a5 35. b6 c6 36. Rd1 Rxc3 37. Nf5 Rxh2+ 38. Kxh2 Ne8 39. Bg4 Kf6 40. Rd8 Ng7 41. Nxg7 Kxg7 42. Rd7 Rb3 43. Rxb7 Kf6 44. Bh5 c5 45. Bxg6 fxg6 46. Rb8 c4 47. b7 Kg5 48. Re8 Rxb7 49. Rxe5+ Kg4 50. Kg2 Rb2 51. Rxa5 g5 52. Rc5 Rb4 53. a5 Ra4 54. f3+ Kh5 55. f4 1-0

[Event "Soacha op-A"]
[Site "Soacha"]
[Date "2021.09.08"]
[Round "1"]
[White "Ordonez Gonzalez, Gabriel"]
[Black "Gonzalez Parejo, Ramon Junior"]
[Result "1-0"]
[WhiteElo "1909"]
[BlackElo "2238"]
[PlyCount "73"]
[EventDate "2021.09.08"]
[EventType "swiss"]
[EventRounds "10"]
[EventCountry "COL"]
[SourceTitle "CBM 204 Extra"]
[Source "ChessBase"]
[SourceDate "2021.11.30"]
[SourceVersion "1"]
[SourceVersionDate "2021.11.30"]
[SourceQuality "1"]

1. c4 c5 2. Nc3 Nf6 3. e4 d6 4. d3 g6 5. Nge2 Bg7 6. g3 0-0 7. Bg2 Nc6 8. 0-0 Rb8 9. h3 a6 10. f4 Ne8 11. Be3 b5 12. Qd2 Na5 13. cxb5 axb5 14. Rac1 b4 15. Nd1 Ba6 16. b3 Nc7 17. Rf2 Nc6 18. e5 Na5 19. d4 c4 20. bxc4 Nxc4 21. Qe1 Qd7 22. Rb1 Qa4 23. Nc1 dxe5 24. dxe5 Rfd8 25. Nb3 Ne6 26. Nb2 Nxb2 27. Rbxb2 Bc4 28. Rfd2 Rxd2 29. Qxd2 f6 30. Bd5 Qb5 31. Nc5 Kf7 32. g4 f5 33. gxf5 gxf5 34. a4 Qxc5 35. Bxc5 Bxd5 36. Qxd5 Rd8 37. Qb3 1-0

[Event "Santa Marta Navidad op"]
[Site "Santa Marta"]
[Date "2020.12.19"]
[Round "4"]
[White "Carrillo Parra, Miguel Alfredo"]
[Black "Gonzalez Parejo, Ramon Junior"]
[Result "1/2-1/2"]
[WhiteElo "2137"]
[BlackElo "2230"]
[PlyCount "38"]
[EventDate "2020.12.17"]
[EventType "swiss"]
[EventRounds "7"]
[EventCountry "COL"]
[SourceTitle "EXT 2022"]
[Source "ChessBase"]
[SourceDate "2021.10.06"]
[SourceVersion "1"]
[SourceVersionDate "2021.10.06"]
[SourceQuality "1"]

1. d4 b5 2. e4 Bb7 3. Bxb5 Bxe4 4. Nf3 c6 5. Be2 Nf6 6. Nbd2 Bg6 7. Ne5 d6 8. Nxg6 hxg6 9. 0-0 e6 10. Nc4 Be7 11. Bf4 0-0 12. Qd3 d5 13. Nd2 Nbd7 14. c4 c5 15. dxc5 Nxc5 16. Qh3 Qb6 17. Rab1 a5 18. Bg5 d4 19. b3 Qb4 1/2-1/2

[Event "Santa Marta Navidad op"]
[Site "Santa Marta"]
[Date "2020.12.18"]
[Round "2"]
[White "De Luque, Miguel Antonio"]
[Black "Gonzalez Parejo, Ramon Junior"]
[Result "0-1"]
[WhiteElo "1999"]
[BlackElo "2230"]
[PlyCount "128"]
[EventDate "2020.12.17"]
[EventType "swiss"]
[EventRounds "7"]
[EventCountry "COL"]
[SourceTitle "EXT 2022"]
[Source "ChessBase"]
[SourceDate "2021.10.06"]
[SourceVersion "1"]
[SourceVersionDate "2021.10.06"]
[SourceQuality "1"]

1. e4 g6 2. d4 Bg7 3. Nc3 c5 4. dxc5 Na6 5. Bxa6 bxa6 6. Nge2 Rb8 7. 0-0 Qa5 8. Rb1 Qxc5 9. Be3 Qc7 10. f4 d6 11. Nd5 Qb7 12. Bd4 Nf6 13. Nxf6+ exf6 14. Nc3 0-0 15. Nd5 f5 16. Bxg7 Kxg7 17. e5 Be6 18. Nf6 dxe5 19. fxe5 Qc7 20. Re1 Bxa2 21. Qd2 h6 22. Rbc1 Rxb2 23. Kh1 Rd8 24. Qf2 Qc6 25. h3 Qc3 26. Re3 Qd2 27. Qxd2 Rxd2 28. Rc3 Re2 29. Ne8+ Kf8 30. Nf6 Be6 31. Rd1 Rxe5 32. Nd7+ Bxd7 33. Rxd7 Re6 34. Rc8+ Kg7 35. Rcc7 Rf6 36. c4 Rc2 37. c5 f4 38. Rd6 Rxc5 39. Rxf6 Rxc7 40. Rxa6 g5 41. Kg1 f6 42. Kf2 h5 43. Kf3 Kg6 44. Ke4 Rf7 45. Kf3 Kf5 46. Ra5+ Ke6 47. Ra6+ Kd5 48. Ra5+ Kd4 49. h4 Kc4 50. hxg5 fxg5 51. Rxg5 Kb4 52. Rxh5 a5 53. Rh8 a4 54. Rb8+ Kc3 55. Ra8 Kb3 56. Ke4 a3 57. Rb8+ Ka2 58. Rb4 Rg7 59. Kf3 Rg3+ 60. Kxf4 Rxg2 61. Ke3 Rb2 62. Rh4 Kb3 63. Rh8 a2 64. Rb8+ Kc2 0-1

[Event "Barranquilla Region-ch"]
[Site "Barranquilla"]
[Date "2020.01.04"]
[Round "2"]
[White "Orozco, Luis Jose"]
[Black "Gonzalez Parejo, Ramon Junior"]
[Result "0-1"]
[WhiteElo "1700"]
[BlackElo "2244"]
[PlyCount "65"]
[EventDate "2020.01.04"]
[EventType "swiss"]
[EventRounds "6"]
[EventCountry "COL"]
[SourceTitle "CBM 194 Extra"]
[Source "ChessBase"]
[SourceDate "2020.03.31"]
[SourceVersion "1"]
[SourceVersionDate "2020.03.31"]
[SourceQuality "1"]

1. e4 e6 2. d4 d5 3. e5 c5 4. c3 Nc6 5. f4 cxd4 6. cxd4 Nge7 7. Nf3 Bd7 8. Nc3 Nf5 9. g4 Nh4 10. Be3 Bb4 11. a3 Ba5 12. Be2 Ng2+ 13. Kf2 Nxe3 14. Kxe3 f6 15. b4 Bb6 16. b5 Na5 17. Rc1 0-0 18. Bd3 Rc8 19. Rf1 fxe5 20. Nxe5 Bxd4+ 21. Kd2 Bxe5 22. fxe5 Qg5+ 23. Kc2 Qxe5 24. Rxf8+ Rxf8 25. Qe2 Qxe2+ 26. Nxe2 Rc8+ 27. Kd1 Rxc1+ 28. Kxc1 Nb3+ 29. Kc2 Nc5 30. Nd4 e5 31. Nf5 Nxd3 32. Kxd3 Bxf5+ 33. gxf5 0-1

[Event "COL-chT 21st"]
[Site "Cartagena"]
[Date "2019.11.30"]
[Round "9.2"]
[White "Gonzalez Parejo, Ramon Junior"]
[Black "Cardoso Cardoso, Jose Gabriel"]
[Result "0-1"]
[WhiteElo "2250"]
[BlackElo "2365"]
[PlyCount "37"]
[EventDate "2019.11.30"]
[EventType "team-swiss"]
[EventRounds "9"]
[EventCountry "COL"]
[SourceTitle "CBM 195 Extra"]
[Source "ChessBase"]
[SourceDate "2020.05.31"]
[SourceVersion "1"]
[SourceVersionDate "2020.05.31"]
[SourceQuality "1"]
[WhiteTeam "Atlantico"]
[BlackTeam "Valle"]
[WhiteTeamCountry "COL"]
[BlackTeamCountry "COL"]

1. Nf3 d5 2. g3 Nf6 3. Bg2 c6 4. 0-0 Bg4 5. c4 e6 6. d4 Nbd7 7. Nc3 Bd6 8. h3 Bh5 9. Qb3 Rb8 10. Re1 0-0 11. e4 dxe4 12. Nxe4 Nxe4 13. Rxe4 Bg6 14. Re1 c5 15. Bg5 Qc7 16. Rad1 cxd4 17. Nxd4 Nc5 18. Qf3 a6 19. b3 0-1

[Event "COL-chT 21st"]
[Site "Cartagena"]
[Date "2019.11.30"]
[Round "4.2"]
[White "Munoz Galvez, Jhon Edison"]
[Black "Gonzalez Parejo, Ramon Junior"]
[Result "1-0"]
[WhiteElo "2225"]
[BlackElo "2250"]
[PlyCount "49"]
[EventDate "2019.11.30"]
[EventType "team-swiss"]
[EventRounds "9"]
[EventCountry "COL"]
[SourceTitle "CBM 195 Extra"]
[Source "ChessBase"]
[SourceDate "2020.05.31"]
[SourceVersion "1"]
[SourceVersionDate "2020.05.31"]
[SourceQuality "1"]
[WhiteTeam "Caldas"]
[BlackTeam "Atlantico"]
[WhiteTeamCountry "COL"]
[BlackTeamCountry "COL"]

1. d4 Nf6 2. Nf3 e6 3. c4 b6 4. a3 c5 5. d5 d6 6. Nc3 exd5 7. cxd5 Bf5 8. e4 Bg6 9. Bb5+ Nfd7 10. a4 a6 11. Be2 Be7 12. 0-0 0-0 13. Nd2 Bf6 14. f4 Bd4+ 15. Kh1 f5 16. exf5 Bxf5 17. g4 Bg6 18. f5 Bf7 19. Nde4 Ne5 20. Ng5 Nbd7 21. Ne6 Bxe6 22. dxe6 Nf6 23. g5 Bxc3 24. gxf6 Qxf6 25. bxc3 1-0

[Event "Bogota Bonita op"]
[Site "Bogota"]
[Date "2019.09.27"]
[Round "3"]
[White "Gonzalez Parejo, Ramon Junior"]
[Black "Aguas, Jose Luis"]
[Result "1-0"]
[WhiteElo "2228"]
[BlackElo "1909"]
[PlyCount "74"]
[EventDate "2019.09.26"]
[EventType "swiss"]
[EventRounds "7"]
[EventCountry "COL"]
[SourceTitle "EXT 2020"]
[Source "ChessBase"]
[SourceDate "2019.10.17"]
[SourceVersion "1"]
[SourceVersionDate "2019.10.17"]
[SourceQuality "1"]

1. Nf3 Nf6 2. g3 g6 3. b4 Bg7 4. Bb2 b6 5. Bg2 Bb7 6. 0-0 0-0 7. d3 d6 8. Nbd2 Nbd7 9. c4 e5 10. Qb3 a5 11. a3 Qe7 12. Bc3 axb4 13. axb4 Rfb8 14. e4 Nh5 15. Rfe1 Bh6 16. Nf1 Rxa1 17. Rxa1 Ra8 18. Rxa8+ Bxa8 19. Qa4 Qd8 20. Ne1 f5 21. exf5 Bxg2 22. Nxg2 gxf5 23. Nfe3 Ng7 24. Nd5 Nf6 25. Nxf6+ Qxf6 26. Qd7 Ne6 27. f4 Bf8 28. Ne3 Qg6 29. fxe5 dxe5 30. Bxe5 Qf7 31. Qc8 h5 32. Nd5 Kh7 33. b5 f4 34. Nxf4 Nxf4 35. Bxf4 Bd6 36. Bxd6 cxd6 37. Qc6 Qe6 1-0

[Event "COL pre olympic sf3"]
[Site "Cartagena"]
[Date "2019.08.19"]
[Round "10"]
[White "Gonzalez Parejo, Ramon Junior"]
[Black "Munoz Galvez, Jhon Edison"]
[Result "0-1"]
[WhiteElo "2221"]
[BlackElo "2337"]
[PlyCount "62"]
[EventDate "2019.08.14"]
[EventType "swiss"]
[EventRounds "10"]
[EventCountry "COL"]
[SourceTitle "EXT 2020"]
[Source "ChessBase"]
[SourceDate "2019.10.17"]
[SourceVersion "1"]
[SourceVersionDate "2019.10.17"]
[SourceQuality "1"]

1. e4 c5 2. d4 cxd4 3. c3 d3 4. Bxd3 Nc6 5. Nf3 g6 6. 0-0 Bg7 7. Bc4 d6 8. Qb3 e6 9. Bf4 Qc7 10. Rd1 Be5 11. Nxe5 dxe5 12. Be3 Nf6 13. Na3 0-0 14. Bc5 Nxe4 15. Bxf8 Kxf8 16. Nb5 Qb6 17. Rf1 Nd2 18. Qa3+ Kg7 19. Be2 Nxf1 20. Bxf1 Bd7 21. Rd1 Rd8 22. g3 a6 23. Nd6 Qc7 24. Qc5 b6 25. Qe3 Bc8 26. Qd2 Nd4 27. cxd4 Qxd6 28. Qe1 Bb7 29. Rd3 exd4 30. Qd2 e5 31. f3 f5 0-1

[Event "COL pre olympic sf3"]
[Site "Cartagena"]
[Date "2019.08.15"]
[Round "3"]
[White "Gonzalez Parejo, Ramon Junior"]
[Black "Echavarria, Johann"]
[Result "1/2-1/2"]
[WhiteElo "2221"]
[BlackElo "2274"]
[PlyCount "62"]
[EventDate "2019.08.14"]
[EventType "swiss"]
[EventRounds "10"]
[EventCountry "COL"]
[SourceTitle "EXT 2020"]
[Source "ChessBase"]
[SourceDate "2019.10.17"]
[SourceVersion "1"]
[SourceVersionDate "2019.10.17"]
[SourceQuality "1"]

1. Nf3 d5 2. g3 c5 3. Bg2 Nc6 4. d4 Nf6 5. 0-0 cxd4 6. Nxd4 e5 7. Nxc6 bxc6 8. c4 Rb8 9. Nc3 d4 10. Ne4 Nxe4 11. Bxe4 Qc7 12. Qc2 Bh3 13. Re1 Bb4 14. Rd1 Qc8 15. a3 Be7 16. e3 f5 17. Bh1 dxe3 18. Bxe3 0-0 19. Bd2 Bc5 20. Bb4 Bxb4 21. axb4 Rxb4 22. Qc3 Qb8 23. Bxc6 Rxb2 24. Bd5+ Kh8 25. Rxa7 Qb6 26. c5 Qxa7 27. Qxb2 Qxc5 28. Qxe5 Rd8 29. Re1 h6 30. Bf3 Qxe5 31. Rxe5 Rc8 1/2-1/2